Buffalo Bills Coaching Staff Since 2000 - Statistics

General Stats
  • This quiz has been taken 6 times
  • The average score is 25 of 108
Answer Stats
Hint Answer % Correct
2015 HC Rex Ryan
100%
2016 HC Rex Ryan
100%
2017 HC Sean McDermott
100%
2018 HC Sean McDermott
100%
2019 HC Sean McDermott
100%
2020 HC Sean McDermott
100%
2021 HC Sean McDermott
100%
2022 HC Sean McDermott
100%
2023 HC Sean McDermott
100%
2023 DC Sean McDermott
100%
2024 HC Sean McDermott
100%
2025 HC Sean McDermott
100%
2023 OC* Joe Brady
80%
2024 OC Joe Brady
80%
2025 OC Joe Brady
80%
2016 HC* Anthony Lynn
40%
2016 OC* Anthony Lynn
40%
2024 DC Bobby Babich
40%
2025 DC Bobby Babich
40%
2010 HC Chan Gailey
40%
2011 HC Chan Gailey
40%
2012 HC Chan Gailey
40%
2013 HC Doug Marrone
40%
2014 HC Doug Marrone
40%
2017 DC Leslie Frazier
40%
2018 DC Leslie Frazier
40%
2019 DC Leslie Frazier
40%
2020 DC Leslie Frazier
40%
2021 DC Leslie Frazier
40%
2022 DC Leslie Frazier
40%
2018 OC Brian Daboll
20%
2019 OC Brian Daboll
20%
2020 OC Brian Daboll
20%
2021 OC Brian Daboll
20%
2006 HC Dick Jauron
20%
2007 HC Dick Jauron
20%
2008 HC Dick Jauron
20%
2009 HC Dick Jauron
20%
2001 HC Gregg Williams
20%
2002 HC Gregg Williams
20%
2003 HC Gregg Williams
20%
2022 OC Ken Dorsey
20%
2023 OC Ken Dorsey
20%
2004 HC Mike Mularkey
20%
2005 HC Mike Mularkey
20%
2006 DC Perry Fewell
20%
2007 DC Perry Fewell
20%
2008 DC Perry Fewell
20%
2009 HC* Perry Fewell
20%
2009 DC Perry Fewell
20%
2000 HC Wade Phillips
20%
2009 OC Alex Van Pelt
0%
2004 STC Bobby April
0%
2005 STC Bobby April
0%
2006 STC Bobby April
0%
2007 STC Bobby April
0%
2008 STC Bobby April
0%
2009 STC Bobby April
0%
2010 STC Bruce DeHaven
0%
2011 STC Bruce DeHaven
0%
2012 STC Bruce DeHaven
0%
2025 STC Chris Tabor
0%
2010 OC Curtis Modkins
0%
2011 OC Curtis Modkins
0%
2012 OC Curtis Modkins
0%
2013 STC Danny Crossman
0%
2014 STC Danny Crossman
0%
2015 STC Danny Crossman
0%
2016 STC Danny Crossman
0%
2017 STC Danny Crossman
0%
2018 STC Danny Crossman
0%
2001 STC Danny Smith
0%
2002 STC Danny Smith
0%
2003 STC Danny Smith
0%
2012 DC Dave Wannstedt
0%
2015 DC Dennis Thurman
0%
2016 DC Dennis Thurman
0%
2010 DC George Edwards
0%
2011 DC George Edwards
0%
2015 OC Greg Roman
0%
2016 OC Greg Roman
0%
2019 STC Heath Farwell
0%
2020 STC Heath Farwell
0%
2021 STC Heath Farwell
0%
2001 DC Jerry Gray
0%
2002 DC Jerry Gray
0%
2003 DC Jerry Gray
0%
2004 DC Jerry Gray
0%
2005 DC Jerry Gray
0%
2014 DC Jim Schwartz
0%
2000 OC Joe Pendry
0%
2002 OC Kevin Gilbride
0%
2003 OC Kevin Gilbride
0%
2022 STC Matthew Smiley
0%
2023 STC Matthew Smiley
0%
2024 STC Matthew Smiley
0%
2013 DC Mike Pettine
0%
2001 OC Mike Sheppard
0%
2013 OC Nathaniel Hackett
0%
2014 OC Nathaniel Hackett
0%
2017 OC Rick Dennison
0%
2000 STC Ronnie Jones
0%
2006 OC Steve Fairchild
0%
2007 OC Steve Fairchild
0%
2000 DC Ted Cottrell
0%
2004 OC Tom Clements
0%
2005 OC Tom Clements
0%
2008 OC Turk Schonert
0%
No matching quizzes found
Score Distribution
Percent of People with Each Score
Percentile by Number Answered
Your Score History
You have not taken this quiz